| 000 | 00000nam##2200000za#4500 |
| 001 | 9.613247 |
| 003 | CaOODSP |
| 005 | 20200401020158 |
| 007 | ta |
| 008 | 150406|1996||||xxc||||| f|0| 0 eng|d |
| 020 | |a0-662-23882-6 |
| 022 | |a1188-8903 |
| 040 | |aCaOODSP|beng |
| 043 | |an-cn--- |
| 086 | 1 |aEn1-17/25-1996E |
| 110 | 1 |aCanada. |bEnvironment Canada. |bEnvironmental Protection Service. |
| 245 | 10|aContaminated sediment: Amphibex: a multifunctional excavation equipment for use in the aquatic environment / |cby René Rochon. |
| 260 | |aMontreal - Quebec : |bEnvironment Canada. |c1996. |
| 300 | |a4p. : |bcoloured figs., tables ; |c28 cm. |
| 490 | 1 |aSt. Lawrence technologies|x1188-8903 |
| 500 | |aN.B.: The catalogue number printed in this publication (En 40-506/1996E) has been corrected to permit it to be filed with others in the same series. |
| 563 | |aPamphlet |
| 590 | |a96-28|b1996-07-12 |
| 720 | 1 |aRochon, René |
| 775 | 08|tSédiments contaminés: Amphibex: un équipement d'excavation polyvalent pour des interventions en milieu aquatique / |w(CaOODSP)9.623973 |
| 776 | 0#|tContaminated sediment. Amphibex - a multifunctional excavation equipment for use in the aquatic environment |w(CaOODSP)9.571250 |
| 830 | #0|aSt. Lawrence technologies,|x1188-8903|w(CaOODSP)9.514532 |
| 986 | |aEn40-506/1996E |